al-Tadhkirah /
Main Author:
Format: Book
Language: Arabic
Published:
al-Qāhirah :
Matḅaʻat al-Maʻārif,
1935-1936.
Subjects:
Tags: Add Tag
Call Number: PJ6622 .A2 v.1-2
| LEADER | 01016nam a2200241Ia 4500 | ||
|---|---|---|---|
| 003 | OSt | ||
| 005 | 20231003111203.0 | ||
| 008 | 130303m19351936ua d 000 0 ara d | ||
| 952 | |0 0 |1 0 |2 lcc |3 V.1-2 |4 0 |6 PJ6622 A2 V.00001-00002 |7 1 |9 50313 |a ARCE |b ARCE |d 2023-10-03 |l 0 |o PJ6622 .A2 v.1-2 |p 1029639 |r 2023-10-03 00:00:00 |w 2023-10-03 |y BK | ||
| 999 | |c 30032 |d 30032 | ||
| 040 | |c ARCE Library | ||
| 050 | 4 | |a PJ6622 .A2 v.1-2 | |
| 100 | 1 | |6 880-01 |a ʻAbd al-Jawād, Muḥammad, |e author | |
| 245 | 1 | 3 | |6 880-02 |a al-Tadhkirah / |c Muhạmmad ʻAbd al-Jawwād. |
| 264 | 1 | |a al-Qāhirah : |b Matḅaʻat al-Maʻārif, |c 1935-1936. | |
| 300 | |a 2 volumes in 1 ; |c 24 cm. | ||
| 500 | |a At head of title : Fiqh al-lughah. | ||
| 650 | 0 | |a Arabic language |v Dictionaries. | |
| 650 | 0 | |a Arabic language |x Glossaries, vocabularies, etc. | |
| 880 | 1 | |6 100-01/(3/r |a عبد الجواد، محمد | |
| 880 | 1 | 2 | |6 245-02/(3/r |a التذكرة |c محمد عبد الجواد |
| 901 | |a reviewed | ||
| 942 | |c BK |2 lcc | ||
